Giải bài tập tiếng Việt lớp 12 ban khoa học xã hội phần nghĩa tường minh và nghĩa hàm ẩn Luận văn tốt nghiệp Đại học Sư phạm ngành Văn khóa 19

Guardat en:
Dades bibliogràfiques
Autor principal: Nguyễn Thị Huyền Ngọc
Format: Llibre
Idioma:Undetermined
Publicat: Cần Thơ Trường Đại học Cần Thơ, Khoa Sư phạm, Bộ môn Ngữ văn 1997
Matèries:
Etiquetes: Afegir etiqueta
Sense etiquetes, Sigues el primer a etiquetar aquest registre!
Thư viện lưu trữ: Trung tâm Học liệu Trường Đại học Cần Thơ
LEADER 00829nam a2200193Ia 4500
001 CTU_33395
008 210402s9999 xx 000 0 und d
082 |a 495.922 
082 |b Ng419/1997 
100 |a Nguyễn Thị Huyền Ngọc 
245 0 |a Giải bài tập tiếng Việt lớp 12 ban khoa học xã hội phần nghĩa tường minh và nghĩa hàm ẩn 
245 0 |b Luận văn tốt nghiệp Đại học Sư phạm ngành Văn khóa 19 
245 0 |c Nguyễn Thị Huyền Ngọc 
260 |a Cần Thơ 
260 |b Trường Đại học Cần Thơ, Khoa Sư phạm, Bộ môn Ngữ văn 
260 |c 1997 
650 |a vietnamese language 
904 |i Nguyễn Quang Điền, 991027 
980 |a Trung tâm Học liệu Trường Đại học Cần Thơ